Movies Quiz

Random Movies or Role Quiz

Marx Brothers Roles Quiz Stats

 Plays Quiz not verified by Sporcle

Support Sporcle.
Go Orange.
Score 0/21 Timer 05:00
0 Plays Today
% Correct
???
75%
???
75%
???
75%
???
62.5%
???
62.5%
???
62.5%
???
62.5%
???
62.5%
???
62.5%
???
62.5%
???
62.5%
% Correct
???
62.5%
???
50%
???
50%
???
50%
???
50%
???
50%
???
50%
???
50%
???
50%
???
50%

You're not logged in!

Compare scores with friends on all Sporcle quizzes.
OR
Log In

From the Vault

US Presidents Not Reelected

by ladron25

At least most of them got elected the one time, though.
Remove Ads.
Support Sporcle.
Get the best of Sporcle when you Go Orange. This ad-free experience offers more features, more stats, and more fun while also helping to support Sporcle. Thank you for becoming a member.

Show Comments

Extras

Top Quizzes Today


Score Distribution

Your Account Isn't Verified!

In order to create a playlist on Sporcle, you need to verify the email address you used during registration. Go to your Sporcle Settings to finish the process.

Report this User

Report this user for behavior that violates our Community Guidelines.

Details: